000 00776nam a2200253Ia 4500
003 OSt
005 20220925221517.0
006 a|||||r|||| 00| 0
007 ta
008 220923b |||||||| |||| 00| 0 eng d
037 _cGeneral Book
040 _aRTL
_cRTL
_beng
041 _2eng
_aeng
082 _aX0gF.30m73.N, L0
100 _aSaul S B Ed.
245 0 _aTechnological change
_b The United States and Britain in the nineteenth century
260 _aLondon
_bMethuen
_c1970
300 _avii, 198P
_ccm.
490 _aDebates in economic history Ed by Peter mathias
500 _aBibliography P 197-98
650 _aEconomics IRT Technology
942 _hX0gF.30m73.N, L0
_cGB
_2CC
999 _c574491
_d574491